Тест на общие знания №29 - Statistics

General Stats
  • This quiz has been taken 62 times
  • The average score is 8 of 20
Answer Stats
Вопрос Ответ % Correct
Как называется приём пищи между обедом и ужином? полдник
93%
К какому виду животных относятся Ник Уайлд, Курама и Мистер Фокс? лис
73%
Какой известный писатель учился в Императорском Царскосельском лицее с 1811-го по 1817-й годы? Александр Пушкин
68%
Кем Николай II приходится Николаю I? правнук
64%
Что символизируют кольца на олимпийском флаге? континенты
57%
У кого была лошадь по кличке Буцефал, лучший друг Гефестион и учитель Аристотель? Александр Македонский
48%
Что изображено на логотипе нефтедобывающей компании Shell? ракушка
48%
Как в покере называется комбинация из пяти карт, четыре из которых принадлежат одному достоинству? каре
45%
Как звали ковбоя из серии мультфильмов "История игрушек"? Вуди
43%
Какая гора, расположенная на востоке Турции, упоминается в Ветхом Завете? Арарат
39%
Кто умеет предсказывать судьбу человека по его ладоням? хиромант
34%
Какое сухожилие соединяет пятку с икроножной мышцей? ахиллово
32%
Какая британская заморская территория граничит с Испанией? Гибралтар
32%
Какая область геологии извучает пещеры? спелеология
30%
Название какого акробатического трюка переводится с итальянского как "смертельный прыжок"? сальто-мортале
27%
Откуда сбежал Энди Дюфрейн? Шоушенк
25%
Как Одиссей представился циклопу перед тем, как ослепить его? Никто
23%
На гербе какого российского города изображён Бабр - вымышленное существо, представляющее собой гибрид бобра и тигра? Иркутск
16%
В какой стране власть захватили "тамильские тигры"? Шри-Ланка
14%
Как называется сапфир с астеризмом? звёздчатый сапфир
7%
No matching quizzes found
Score Distribution
Percent of People with Each Score
Percentile by Number Answered
Your Score History
You have not taken this quiz